المرجع الشامل فى الهندسة الانشائية : تصميم الجسور الفولاذية ج 12 : (Record no. 64772)
[ view plain ]
| 000 -الفاتح | |
|---|---|
| حقل البيانات ثابتة الطول | 00920nam a2200241Ia 4500 |
| 005 - وقت وتاريخ اخر تعامل مع التسجيلة | |
| رقم الضبط | 20240530110750.0 |
| 008 - عناصر البيانات ثابتة الطول - معلومات عامة | |
| حقل البيانات ثابتة الطول | 140319s9999 xx 000 0 ara d |
| 040 ## - مصدر الفهرسة | |
| وكالة الفهرسة الأصلية | GCL / |
| وكالة النسخ | GCL |
| 082 04 - رقم تصنيف ديوى العشرى | |
| رقم التصنيف | 624.1 \ |
| رقم المادة | ع م |
| 100 1# - المدخل الرئيسى - إسم شخصى | |
| الإسم الشخصى | عماد درويش |
| 245 10 - بيان العنوان | |
| العنوان | المرجع الشامل فى الهندسة الانشائية : تصميم الجسور الفولاذية ج 12 : |
| بقية العنوان | الجسور الصحفية - الجسور الشبكية / |
| بيان المسئوليه,etc | عماد درويش |
| 300 ## - الوصف المادى | |
| التعداد | 270, 248 ؛ |
| أبعاد الوعاء | 25 سم |
| 490 ## - بيان السلسلة | |
| عنوان السلسلة | المرجع الشامل فى الهندسة الانشائية |
| رقم المجلد/ التعيين التسلسلي | 0 |
| 650 04 - المدخل الاضافى بالموضوع-مصطلح موضوعى | |
| مصطلح موضوعي | الكبارى |
| 650 04 - المدخل الاضافى بالموضوع-مصطلح موضوعى | |
| مصطلح موضوعي | الجسور |
| 650 04 - المدخل الاضافى بالموضوع-مصطلح موضوعى | |
| مصطلح موضوعي | المبانى الحديدية |
| 650 04 - المدخل الاضافى بالموضوع-مصطلح موضوعى | |
| مصطلح موضوعي | الجسور المعلقة |
| 700 1# - المدخل الاضافى - اسم شخصى | |
| الإسم الشخصى | مصباح عز |
| 700 1# - المدخل الاضافى - اسم شخصى | |
| الإسم الشخصى | دار دمشق |
| 942 ## - عناصر المدخل الإضافي( كوها) | |
| مصدر التصنيف او مخطط الترفيف | Dewey Decimal Classification |
| Koha [default] item type | كتاب |
| 260 ## - PUBLICATION, DISTRIBUTION, ETC. (IMPRINT) | |
| -- | سوريا : |
| -- | دار دمشق للنشر والتوزيع والطباعة |
| حالة التراجع | حالة الفقد | مصدر التصنيف او خطة الترفيف | حالة تلف | ليس للاعارة | المكان المؤقت | الموقع الحالى | تاريخ الاكتساب | اجمالي اﻻعارات | رقم الطلب | الباركود | تاريخ اخر مشاهدة | تاريخ تفعيل السعر | نوع وعاء كوها |
|---|---|---|---|---|---|---|---|---|---|---|---|---|---|
| ddc | مكتبة القاهرة الكبرى | مكتبة القاهرة الكبرى | 12/11/2018 | 624.1 \ ع م | 165265 | 12/11/2018 | 12/11/2018 | كتاب | |||||
| ddc | مكتبة القاهرة الكبرى | مكتبة القاهرة الكبرى | 12/11/2018 | 624.1 \ ع م | 165266 | 12/11/2018 | 12/11/2018 | كتاب |

